000 00473nam a22001697a 4500
005 20251108172755.0
008 250721s2002 xx 000 0 ara d
082 1 4 _a811.0009/سمح
100 1 _aسمحان، محمد
245 1 0 _aفن الشعر : الماهية و الغائية /
264 1 _aعمان :
_bالمؤلف،
_c2002.
300 _aج
650 1 7 _aالشعر العربي
650 1 7 _aالنقد الادبي
942 _2ddc
_cBK
999 _c88134
_d88134